000 00636nam a2200193Ia 4500
003 GCL
008 140319s9999 xx 000 0 ara d
020 _a?214172977
040 _aGCL /
_cGCL
082 0 4 _a025.4
_bم ت
100 1 _aمحمد فتحى عبدالهادى
245 1 0 _aالتكشيف لاغراض استرجاع المعلومات /
_cمحمد فتحى عبدالهادى
260 _aالقاهرة :
_bدار غريب للطباعة والنشر والتوزيع ،
_c1982
300 _a215 ص ؛
_c24 سم
490 _a
650 0 4 _aالتكشيف
650 0 4 _aالمكتبات، علم
942 _2ddc
_cBK
999 _c39546
_d39546